01387nam a22002417i 4500003000900000008004100009020002200050040007100072082001700143100003200160245005400192260005800246300003500304500003500339505064400374650001501018650001401033650001601047650002801063650001501091650001201106856002701118AR-CdUCM260422b20192019pe d|||| |||| 00| 0 spa d a978-612-304-583-8 aMUNICIPALIDAD PROVINCIAL DEL CUSCOcBIBLIOTECA MUNICIPAL DEL CUSCO a629.892bO64 aOrellano Benancio, Lizbardo aArduino :bSensores, Actuadores y Robot Soccer /  aLima, Perú : bEmpresa Editora Macro E.I.R.L.c2019 a101 páginas. :c17,5x25 cm.  zBibliografía : página 103  aInstrumentos de medición, equipos y dispositivos electrónicos comerciales y simulados -- Diagramas de flujos y programación de entradas digitales con Arduino -- Las entradas analógicas y los sensores de temperatura -- El sensor de gas simulado -- Simulación de salidas analógicas con PWM y el control de servomotores -- El sonido, el buzzer y el sensor ultrasónico simulado -- Los periféricos y la pantalla LCD -- Dispositivos y módulos de potencia con un Arduino real -- Comunicación inalámbrica y uso del módulo Bluetooth -- Proyecto final de implementación, configuración y programación de un robot soccer aRobótica aSensores  aActuadores  aGenerador de funciones  aLos chips  aLa app  fwww.editorialmacro.com